000 00403nam a2200181Ia 4500
001 10450
005 20260306161833.0
008 260306t1984||||xx |||||||||||||| ||spa||
041 _aESP
082 _a929.7
_bP26
100 _aParker, Geoffrey
_eAUT
245 0 _aFelipe II
260 _c1984
300 _a266 páginas :
_c18 cm.
650 _aGEN
654 _aCHU
942 _cLIB
_dJUS
_fJUS
_2ddc
_n
999 _c10450
_d10450